[Event "WCPL:Nidum-Cardigan"]
[Site "?"]
[Date "2016.10.02"]
[Round "1.12"]
[White "Griffiths, Hywel"]
[Black "Francis, Matthew"]
[Result "0-1"]
[WhiteElo "1771"]
[BlackElo "1605"]
[Annotator "Rudy"]
[PlyCount "186"]
[EventDate "2016.10.02"]
[EventCountry "WLS"]
[SourceDate "2016.10.09"]

1. Nf3 d5 2. g3 c6 3. Bg2 Bg4 4. O-O Nf6 5. d3 Nbd7 6. Nbd2 e5 7. e4 Be7 (7...
dxe4 {main} 8. dxe4 Bc5) (7... Bd6 {alternative}) 8. Re1 (8. h3 {main} Bh5 9.
Qe1) 8... dxe4 9. Nxe4 {not the kind of position discussed in any of the
theory books on The Kings Indian Attack, as the e4 pawn is seen as the central
support for Ns to get to f5 & d5. However here it the choice of both Komodo10
& Houdini2} (9. dxe4 {more usual pawn formation in this line}) 9... Nxe4 (9...
O-O {has been played, 2 games each}) 10. Rxe4 (10. dxe4 O-O 11. h3 Bh5 12. c3 (
12. Be3 Qc7 13. c3 a5 14. Qc2 Nc5 15. Nh4 Rfd8 16. Nf5 Bf8 17. g4 Bg6 18. Bf1
Ne6 $11 {Jirkvalishvili-Arutinian, GEO ch U20 Tbilisi 2001,0-1}) 12... Nc5 13.
Be3 Qxd1 14. Raxd1 Bxf3 15. Bxf3 Rfd8 $11 {Karabakhtsian-Kostromin, Anapa 2008,
1/2-1/2}) 10... f5 {Komodo10} (10... Bf5 11. Re1 Bg4 12. h3 Bxf3 13. Qxf3 O-O
14. Be3 f5 15. Qe2 Bd6 16. g4 f4 17. Bd2 Qh4 $11 {Gabuzyan-Yudin, EU ch U12,
Sibenik 2007,1/2-1/2}) 11. Rc4 (11. Re1 O-O 12. h3 Bh5 13. c3 Kh8 $11 {Komodo10
}) 11... Nb6 (11... O-O $15 {Komodo10}) 12. Rxg4 $1 {Wh seizes an opportunity}
fxg4 13. Nxe5 O-O (13... Qd6 14. d4 Qe6 15. Nxg4 O-O 16. c3 Bd6 17. f4 Rad8 18.
Ne5 $16 {Wh has two healthy pawns for the exchange, & control over the wh
squares}) 14. Qxg4 $16 (14. c3 $16 {also, Komodo10}) 14... Kh8 (14... Qc8 15.
Qd1 Qe6 16. d4 Bd6 17. f4 $16 {as in a previous note}) 15. Be4 $18 Nd5 {best}
16. Qh3 Nf6 (16... Bh4 {is Komodo10 suggestion to limit the damage}) 17. Ng6+ (
17. Bg5 $1 {Komodo10, is even stronger} g6 (17... Nxe4 18. Ng6+ Kg8 19. Nxe7+ (
19. Qe6+ Rf7 20. Nxe7+ Qxe7 21. Bxe7 Nd2 22. Bc5 Nf3+ 23. Kg2 h6 24. h4 $18)
19... Qxe7 (19... Kf7 20. Re1) 20. Bxe7 Rf7 21. dxe4 Rxe7 22. Re1 $18 (22. Rd1
$18)) 18. Nxg6+ Kg8 (18... Kg7 19. Nxf8 Bxf8 20. Bxh7) 19. Qe6+ Rf7 20. Nxe7+
Qxe7 21. Qxe7 Rxe7 22. Bxf6 $18 {Komodo10}) 17... Kg8 18. Qe6+ (18. Nxf8 {
simpler}) 18... Rf7 19. Ne5 Qe8 20. Qxf7+ (20. Bf5 Bc5 21. Bg5 Kf8 22. Qxf7+
Qxf7 23. Nxf7 Kxf7 24. Re1 {Komodo10}) 20... Qxf7 21. Nxf7 Kxf7 22. Bg2 {Wh is
simply 2 pawns up & should be winning comfortably, especially with 2 Bs to
drive them forward. But, as Tartakover remarked- no one ever saved half a
point by resigning} Rf8 (22... Rd8) 23. Be3 a6 24. h3 Kg8 {there is no need to
withdraw the K,as it protects e7 from entry, & is not liable to be attacked on
f7. However Bl had hopes of pressure against f2} 25. Re1 Bd6 26. b4 {trying to
gain a R entry, but to win Wh should be keeping pawns on, & swapping pieces
instead.} (26. Bd2 h6 27. d4 Kf7 28. c4 Rd8 29. Bc3 Bc7 30. Bf3 {& gradually
come forward}) 26... Bxb4 27. Rb1 a5 28. c3 Bxc3 29. Rxb7 Rd8 30. Bxc6 (30. Rb3
Bd4 31. Bxc6 Bxe3 32. fxe3 {keeps an extra pawn on the board}) 30... Rxd3 {Wh
has won pawns on the Q side, but also lost them, and is only one P ahead} 31.
Ba4 Rd8 32. Bb3+ Kh8 33. Rc7 Bb4 34. Bb6 Ra8 35. a4 h5 (35... h6 $5) 36. Bd4
Ne8 37. Rc6 Kh7 38. Bc2+ Kg8 {(draw?)} 39. Bg6 Rd8 (39... Nf6 40. Bxf6 gxf6 41.
Bxh5 Kg7 42. Rc7+ Kh6 43. Bd1 Re8 44. Kg2 $18) 40. Bxh5 (40. Bb6 Ra8 41. Bxh5 {
keeps more pressure on}) 40... Rxd4 41. Bxe8 Kf8 $16 {the opposite colour Bs
give Bl some chances of holding, perhaps even if Rs come off} 42. Re6 Be7 43.
Bb5 Kf7 44. Re2 {guarding f2} Kf6 45. f4 Bd6 46. Kg2 Rd5 47. h4 Kf5 48. Kf3 Kf6
(48... Rd4) 49. g4 Rd4 50. g5+ Kf7 51. Re4 Rd1 (51... Rxe4 52. Kxe4 Kg8 53. Kf5
Kh7 54. h5 Bc7 55. Bd3 Bb6 56. Ke6+ (56. Kg4+ Kg8 57. f5 Bd4 58. Bc4+ Kh7 {may
well be drawn- its where the Engine goes round & round in circles, maintaining
that is winning at every move, but never making any progress. The Wh K needs
to be at e6 to get the f5 pawn forward, but then Bl hits the g5 pawn} 59. h6
gxh6 60. f6 Kg6 61. Bd3+ Kf7 {leads nowhere.}) 56... Kg8 57. f5 Be3 58. g6 Bg5
{is a succesful barricade. Crucial to Bl's defence is keeping the pawn on g7,
as the BlK cannot be got at, nor the Wh K sneak in behind the pawn}) 52. h5 (
52. Be8+ $1 Kf8 53. Bg6 Be7 54. Re5 $18 {Wh wins the distant Q side pawn
because of the mating net. This is why Wh should have left more pawns on on
the Q side earlier.so that there would be threats on both sides of the board.})
52... Rh1 53. Kg4 (53. g6+ $1 Kf6 (53... Kg8 54. Re8+ Bf8 55. Bc4+ Kh8 56.
Rxf8#) 54. Bd7 {wins the B because of the mate threat; Komodo10}) 53... Rg1+
54. Kf5 Be7 55. Rc4 (55. Bc4+ {the K must be turned into a target- trying to
advance the pawns is not a plan likely to succed onits own, because of the
controlof opposing colours.} Kf8 56. Kg6 Bb4 57. Bb5 Re1 (57... Be7 58. Rxe7
Kxe7 59. Kxg7 {and the space invaders land}) 58. Rxe1 Bxe1 59. h6 gxh6 60. Kxh6
Bc3 61. f5 {and now the pawns win a B}) 55... Rd1 56. Rc7 (56. g6+ Kf8 57. h6
gxh6 58. Rc7 Rd5+ 59. Ke4 Rd8 60. g7+ Kxg7 61. Rxe7+ $18 {Komodo10}) 56... Kf8
(56... Rd5+ 57. Ke4 Rc5 58. Ra7 Rc3 59. g6+ (59. f5 Rc1 60. f6 gxf6 61. g6+ Ke6
62. Ra6+ Bd6 63. Rxd6+ Kxd6 64. h6) 59... Ke6 60. Ra6+ Bd6 61. f5+ Ke7 62. Rxd6
Kxd6 63. f6 gxf6 64. h6 $18 {two passed connected pawns on the 6th are better
than a R (plus Wh has a useful B)}) 57. Ra7 (57. Kg6 $1 Rd5 58. Ra7 Rd8 59. Kh7
Kf7 60. Bc4+ Kf8 61. h6 g6 (61... gxh6 62. g6 Bf6 63. Rf7+ Ke8 64. Bb5+ Rd7 65.
Rxd7 {mating; Komodo10}) 62. f5 $1 {breaks through}) 57... Bb4 58. h6 {
swapping a pawn intead of winning it ( & splitting the Wh pawns in the process)
} (58. Ra8+ Ke7 59. Re8+ (59. Ra7+ Kd8 (59... Kf8 60. Kg6 Be7 61. Rxe7 Kxe7 62.
Kxg7) 60. Rxg7 $18) 59... Kd6 60. Rd8+ Kc7 61. Rxd1 $18) (58. Kg6 Be7 59. Rxe7
{is a repeated theme}) 58... gxh6 59. Kf6 $2 {going for a mate that isn't there
} (59. gxh6 Rh1 60. Ra8+ Ke7 (60... Kf7 61. Be8+ Ke7 62. h7 Kd6 63. Bg6 Bc3 64.
Rd8+ Kc7 65. Rd3 Ba1 66. Rd5 Rc1 67. Rxa5 {and the a pawn drops because the B
has been forced to attend to other duties}) 61. h7 Bc3 62. Be8 {as in previous
line}) 59... Rd6+ 60. Kf5 hxg5 61. fxg5 {and the win has become problematic
with just a single pawn left on the Kside} Rd5+ 62. Kg4 (62. Kg6 {is more
active} Be7 (62... Rd6+ 63. Kh7 Rd4 64. Ra8+ Ke7 65. g6 Rh4+ 66. Kg8 Bc3 67. g7
Bd4 68. Rf8 (68. Rxa5 Rg4 $11) 68... Kd6 69. Rf7 Kc5 70. Kf8 Bxg7+ 71. Rxg7 $18
{but may still be a struggle if Bl can keep Rs on though in the absence of the
B the Bl a pawn is dead}) 63. Ra8+ Rd8 64. Rxa5 Rd6+ 65. Kh5 Rd5 66. Ra8+ Kg7
67. Rg8+ Kh7 (67... Kxg8 $2 68. Bc4 Kg7 69. Bxd5 {and Wh has finessed a win})
68. Rg6 Rd2 69. Re6 Bd8 70. Bc6 $16 {Wh has retained some winning chances})
62... Rd4+ (62... Bd2 $11 {draws}) 63. Kh5 Rd5 64. Ra8+ (64. Kg6) 64... Kg7 65.
Bc4 Re5 66. Rg8+ Kh7 67. Bf7 Bd2 68. Kg4 Re4+ 69. Kf5 (69. Kh5 Re5 70. Bb3 $16)
69... Re1 (69... Rf4+ 70. Ke6 Re4+ 71. Kd5 Rxa4 $11 {another missed
opportunity with Bl.}) 70. g6+ $18 Kh6 71. Rh8+ Kg7 72. Rh7+ Kf8 73. g7+ $4 {
a bad case of chessblindness, when wh was so close to victory. Both players
living off their increments.} (73. Bc4 $1 {Komodo10, prevents Rf1 ch} Bc3 74.
Rf7+ Ke8 (74... Kg8 75. Re7+ Kf8 76. g7+ Kxe7 77. g8=Q $18) 75. Bb5+ Kd8 76. g7
Bxg7 77. Rxg7 $18) 73... Kxf7 $19 {and the B covers the Queening square} 74.
Rh2 Bb4 (74... Bc3 75. Rc2 Re5+ 76. Kf4 Rc5 77. Ke4 Kxg7 78. Kd3 Bb4) 75. Rg2
Kg8 76. Kg6 Re6+ 77. Kf5 {(draw?)} Re7 78. Kf6 Rc7 (78... Rf7+) 79. Rg4 Bc3+
80. Ke6 Rxg7 81. Rxg7+ (81. Rc4 {keeping R's on lasts longer; but eventually
Bl will get the K across to the Wh a pawn by keep offering an exchange of Rs})
81... Kxg7 82. Kd5 Kf6 83. Kc4 Bb4 84. Kb3 Ke5 85. Kc2 Kd4 86. Kb1 Kc4 (86...
Kc3) 87. Kc2 Bc3 88. Kb1 Kb3 89. Kc1 Kxa4 90. Kc2 Kb4 91. Kb1 a4 92. Ka2 a3 93.
Kb1 Kb3 (93... Kc4 {Nalimov tablebases is apparently the quickest route to
mate, but humans would prefer to get the Q first then think about the mate} 94.
Ka2 Bb4 95. Kb1 Kc3 96. Ka2 Kc2 97. Ka1 Kb3 98. Kb1 a2+ 99. Ka1 (99. Kc1 a1=Q#)
99... Bc3#) 0-1

[Event "WCPL:Vale-Abergavenny"]
[Site "?"]
[Date "2016.10.02"]
[Round "1.13"]
[White "Morris, Charles F"]
[Black "Ralphs, Nigel"]
[Result "1-0"]
[WhiteElo "2124"]
[BlackElo "2066"]
[PlyCount "69"]
[EventDate "2016.10.02"]
[EventCountry "WLS"]
[SourceDate "2016.10.09"]

1. c4 e5 2. g3 Nf6 3. Bg2 d5 4. cxd5 Nxd5 5. Nc3 Nb6 6. Nf3 Nc6 7. O-O Be7 8.
a3 O-O 9. b4 Be6 10. Bb2 f6 11. d3 Qc8 12. Nd2 Rd8 13. Rc1 a5 14. b5 Na7 15.
Na4 Nxa4 16. Qxa4 c6 17. bxc6 Nxc6 18. Nc4 Qc7 19. Qb5 Ra6 20. Rfd1 Qd7 21. Nb6
Nd4 22. Nxd7 Nxb5 23. Nc5 Bxc5 24. Rxc5 Nd4 25. Bxd4 Rxd4 26. Bxb7 Rb6 27. Bc6
a4 28. Rdc1 Rb3 29. R1c3 Rb1+ 30. Kg2 Bb3 31. Ra5 Ra1 32. e3 Rd8 33. Bxa4 Bxa4
34. Rxa4 Rd1 35. Ra7 1-0

[Event "WCPL:Vale-Abergavenny"]
[Site "?"]
[Date "2016.10.02"]
[Round "1.14"]
[White "Davis, Lee"]
[Black "Powell, Lloyd"]
[Result "1-0"]
[WhiteElo "1893"]
[BlackElo "2087"]
[PlyCount "80"]
[EventDate "2016.10.02"]
[EventCountry "WLS"]
[SourceDate "2016.10.09"]

1. d4 e6 2. Nf3 c5 3. g3 cxd4 4. Nxd4 d5 5. Bg2 Nf6 6. O-O Be7 7. c4 O-O 8.
cxd5 exd5 9. Nc3 Nc6 10. Bf4 Be6 11. Rc1 Rc8 12. Qd2 Qd7 13. Nxe6 fxe6 14. Bh3
Bb4 15. a3 Ba5 16. b4 Bb6 17. Qa2 Rce8 18. Na4 Qf7 19. Nxb6 axb6 20. Bd6 Qh5
21. Bg2 Rf7 22. Qd2 Rd7 23. Bf4 e5 24. Bg5 Nd4 25. f3 Nb3 26. Qc2 Nxc1 27. Bxf6
Nxe2+ 28. Qxe2 gxf6 29. Qb5 Qf7 30. Qxb6 d4 31. Bh3 f5 32. Qb5 d3 33. Rd1 Qb3
34. Rd2 Qf7 35. Rxd3 Red8 36. Rxd7 Rxd7 37. Qxe5 Rd1+ 38. Bf1 Qd7 39. Qe3 Qb5
40. Qb3+ Qd5 1-0

[Event "WCPL:Vale-Abergavenny"]
[Site "?"]
[Date "2016.10.02"]
[Round "1.15"]
[White "May, Frank"]
[Black "Heaven, Peter"]
[Result "1/2-1/2"]
[WhiteElo "2109"]
[BlackElo "2045"]
[PlyCount "49"]
[EventDate "2016.10.02"]
[EventCountry "WLS"]
[SourceDate "2016.10.09"]

1. d4 Nf6 2. Nf3 e6 3. e3 c5 4. Bd3 d5 5. c3 Nc6 6. Nbd2 Bd6 7. O-O O-O 8. e4
cxd4 9. cxd4 e5 10. dxe5 Nxe5 11. Nxe5 Bxe5 12. exd5 Qxd5 13. Nf3 h6 14. Nxe5
Qxe5 15. Re1 Qa5 16. Bf4 Bg4 17. Qb3 Rfe8 18. Rxe8+ Rxe8 19. Qb5 Re1+ 20. Rxe1
Qxe1+ 21. Bf1 Qe4 22. Qe5 Qb1 23. f3 Be6 24. Kf2 Qc2+ 25. Kg1 1/2-1/2

[Event "WCPL:Vale-Abergavenny"]
[Site "?"]
[Date "2016.10.02"]
[Round "1.16"]
[White "Thomas, Ben"]
[Black "Spencer, Douglas"]
[Result "1-0"]
[WhiteElo "1905"]
[BlackElo "1985"]
[PlyCount "53"]
[EventDate "2016.10.02"]
[EventCountry "WLS"]
[SourceDate "2016.10.09"]

1. e4 e5 2. Nf3 Nf6 3. Nxe5 d6 4. Nf3 Nxe4 5. d4 d5 6. Bd3 Nc6 7. O-O Be7 8.
Nbd2 Nf6 9. c3 O-O 10. Qc2 Bd6 11. Re1 Re8 12. Rxe8+ Qxe8 13. Nf1 Bg4 14. Bg5
Ne4 15. Re1 f5 16. Qb3 Bxf3 17. gxf3 Qg6 18. Qxd5+ Kh8 19. fxe4 Qxg5+ 20. Kh1
Qh4 21. Ng3 Rd8 22. exf5 Qf4 23. Qf7 h6 24. Re8+ Rxe8 25. Qxe8+ Kh7 26. f6+ g6
27. Bxg6# 1-0

[Event "WCPL:Vale-Abergavenny"]
[Site "?"]
[Date "2016.10.02"]
[Round "1.17"]
[White "Adams, Mark"]
[Black "Taylor, Robert Graham"]
[Result "1/2-1/2"]
[WhiteElo "1960"]
[BlackElo "1973"]
[PlyCount "55"]
[EventDate "2016.10.02"]
[EventCountry "WLS"]
[SourceDate "2016.10.09"]

1. e4 c5 2. Nf3 e6 3. d4 cxd4 4. Nxd4 Nc6 5. Nc3 Qc7 6. Be3 a6 7. a3 b5 8. Bd3
Bb7 9. O-O Nf6 10. h3 d6 11. Qe2 Be7 12. Rad1 O-O 13. f4 Na5 14. Kh1 Nc4 15.
Ncxb5 axb5 16. Nxb5 Qb8 17. Bxc4 Nxe4 18. Bf2 d5 19. Bd3 Qxf4 20. Bxe4 Qxe4 21.
Qxe4 dxe4 22. Rd7 Bc6 23. Rxe7 Bxb5 24. Re1 Rfc8 25. Rxe4 Kf8 26. Bh4 Rxc2 27.
Rf4 f6 28. Rxe6 1/2-1/2

[Event "WCPL:Vale-Abergavenny"]
[Site "?"]
[Date "2016.10.02"]
[Round "1.18"]
[White "Thomas, James"]
[Black "Llewellyn, David"]
[Result "1-0"]
[WhiteElo "1933"]
[BlackElo "1850"]
[PlyCount "95"]
[EventDate "2016.10.02"]
[EventCountry "WLS"]
[SourceDate "2016.10.09"]

1. e4 c5 2. c3 d6 3. Nf3 Nf6 4. Bd3 Nc6 5. Bc2 Bg4 6. d3 g6 7. h3 Bxf3 8. Qxf3
Bg7 9. Nd2 O-O 10. O-O b5 11. Nb3 Rc8 12. Qe2 a5 13. a4 b4 14. Bd2 Qb6 15. Kh1
c4 16. dxc4 Ne5 17. c5 dxc5 18. f4 Nh5 19. Be1 c4 20. Nd4 Nc6 21. Nxc6 Qxc6 22.
e5 Bh6 23. f5 bxc3 24. bxc3 Nf4 25. Qe4 Qxe4 26. Bxe4 gxf5 27. Bxf5 e6 28. Bd2
exf5 29. Bxf4 Bxf4 30. Rxf4 Rfe8 31. Rxf5 Rc5 32. Raf1 Rcxe5 33. Rxf7 Re1 34.
Kh2 Rxf1 35. Rxf1 Re3 36. Rf3 Re2 37. Rf4 Kg7 38. Rxc4 Kg6 39. Rc6+ Kf7 40. Rc5
Re4 41. Rxa5 Rc4 42. Ra7+ Kg6 43. a5 Rxc3 44. a6 Ra3 45. Ra8 h5 46. a7 Kg7 47.
Kg1 h4 48. Kf2 1-0

[Event "WCPL: Abergavenny-Nidum"]
[Site "?"]
[Date "2017.01.22"]
[Round "2.1"]
[White "Saunders, Robert"]
[Black "Zeidler, Sven P."]
[Result "1/2-1/2"]
[WhiteElo "2078"]
[BlackElo "2181"]
[PlyCount "80"]
[EventDate "2017.01.22"]
[EventCountry "WLS"]
[SourceDate "2016.10.09"]

1. e4 d5 2. exd5 Qxd5 3. Nc3 Qa5 4. d4 c6 5. Nf3 Bf5 6. Bc4 e6 7. O-O Nd7 8.
Qe2 Bb4 9. d5 cxd5 10. Nxd5 Ne7 11. Nxb4 Qxb4 12. c3 Qb6 13. Be3 Qc7 14. Nd4 a6
15. Bg5 Nf6 16. Bxf6 gxf6 17. Nxf5 Nxf5 18. Rad1 Qc6 19. Rfe1 Rd8 20. Rxd8+
Kxd8 21. Qe4 Qxe4 22. Rxe4 Ke7 23. Bb3 Rd8 24. Kf1 Rd2 25. Re2 Rd6 26. Bc2 Nh4
27. Be4 b5 28. g3 Ng6 29. f4 h6 30. Ke1 Nf8 31. Rd2 Rb6 32. b4 Nd7 33. a4 bxa4
34. Ra2 f5 35. Bg2 Nf6 36. Rxa4 Ne4 37. c4 Nc3 38. Ra3 Ne4 39. Ra4 Nc3 40. Ra3
Ne4 1/2-1/2

[Event "WCPL: Abergavenny-Nidum"]
[Site "?"]
[Date "2017.01.22"]
[Round "2.2"]
[White "May, Frank"]
[Black "Gibbons, Andrew"]
[Result "1/2-1/2"]
[WhiteElo "2107"]
[BlackElo "1942"]
[PlyCount "102"]
[EventDate "2017.01.22"]
[EventCountry "WLS"]
[SourceDate "2016.10.09"]

1. f4 c5 2. Nf3 Nc6 3. g3 g6 4. Bg2 Bg7 5. O-O d6 6. d3 Nf6 7. e4 Rb8 8. c3 O-O
9. Na3 b5 10. Qe1 Ba6 11. Nc2 b4 12. c4 Bc8 13. h3 b3 14. axb3 Rxb3 15. Ra3 Qb6
16. g4 Nd7 17. Nd2 Rxa3 18. bxa3 Qc7 19. Nf3 e5 20. f5 Nd4 21. Ne3 Qd8 22. Nd5
Bb7 23. Nc3 Nxf3+ 24. Bxf3 g5 25. Bd2 h6 26. Bd1 Nb8 27. Ba4 f6 28. Qb1 Rf7 29.
Qc2 Nc6 30. Bxc6 Bxc6 31. Rb1 Bf8 32. Rb2 Qc8 33. Qb1 Rb7 34. Rxb7 Qxb7 35.
Qxb7 Bxb7 36. Nb5 a6 37. Nc7 Kf7 38. Kf2 Be7 39. Ke2 Bd8 40. Nd5 Bxd5 41. cxd5
Ke7 42. Kd1 Kd7 43. Kc2 Kc8 44. Kb3 Kb7 45. Kc4 Kb6 46. Be1 Kb7 47. h4 Kb6 48.
h5 Kb7 49. Kb3 Bc7 50. Bd2 Bd8 51. Ka4 Ka7 1/2-1/2

[Event "WCPL: Abergavenny-Nidum"]
[Site "?"]
[Date "2017.01.22"]
[Round "2.3"]
[White "Evans, Craig"]
[Black "Spencer, Douglas"]
[Result "1/2-1/2"]
[WhiteElo "1997"]
[BlackElo "1967"]
[PlyCount "25"]
[EventDate "2017.01.22"]
[EventCountry "WLS"]
[SourceDate "2016.10.09"]

1. d4 d5 2. e4 dxe4 3. Nc3 Nf6 4. f3 exf3 5. Nxf3 Bg4 6. h3 Bh5 7. g4 Bg6 8.
Ne5 Nbd7 9. Nxg6 hxg6 10. Bg2 c6 11. O-O e6 12. Qf3 Qe7 13. a4 1/2-1/2

[Event "WCPL: Abergavenny-Nidum"]
[Site "?"]
[Date "2017.01.22"]
[Round "2.4"]
[White "Parry, Matthew"]
[Black "Davies, Matthew"]
[Result "1/2-1/2"]
[WhiteElo "1901"]
[BlackElo "1941"]
[PlyCount "41"]
[EventDate "2017.01.22"]
[EventCountry "WLS"]
[SourceDate "2016.10.09"]

1. d4 d5 2. c4 c6 3. Nf3 Nf6 4. Nc3 dxc4 5. a4 Bf5 6. e3 e6 7. Bxc4 Bb4 8. O-O
Nbd7 9. Bd3 Bxd3 10. Qxd3 O-O 11. e4 Re8 12. Rd1 Qa5 13. e5 Nd5 14. Ng5 f5 15.
exf6 N7xf6 16. Nce4 e5 17. Nxf6+ Nxf6 18. Qb3+ Nd5 19. Qd3 Nf6 20. Qb3+ Nd5 21.
Qd3 1/2-1/2

[Event "WCPL: Abergavenny-Nidum"]
[Site "?"]
[Date "2017.01.22"]
[Round "2.5"]
[White "Yeo, Gareth"]
[Black "Waterfield, John W"]
[Result "1/2-1/2"]
[WhiteElo "1961"]
[BlackElo "1983"]
[PlyCount "48"]
[EventDate "2017.01.22"]
[EventCountry "WLS"]
[SourceDate "2016.10.09"]

1. d4 Nf6 2. c4 c5 3. d5 b5 4. cxb5 a6 5. b6 d6 6. Nc3 g6 7. Nf3 Bg7 8. a4 Qxb6
9. Nd2 a5 10. e4 O-O 11. Nc4 Qd8 12. Be2 Nbd7 13. O-O Nb6 14. Ne3 Ba6 15. Rb1
Bxe2 16. Qxe2 Qd7 17. b3 Ne8 18. Bb2 Nc7 19. Qc2 Bd4 20. Nc4 Nxc4 21. bxc4 Na6
22. Nb5 Nb4 23. Qd2 Bxb2 24. Rxb2 Rad8 1/2-1/2

[Event "WCPL: Abergavenny-Nidum"]
[Site "?"]
[Date "2017.01.22"]
[Round "2.6"]
[White "Adams, Mark"]
[Black "Sims, Chris"]
[Result "1-0"]
[WhiteElo "1962"]
[BlackElo "1793"]
[PlyCount "49"]
[EventDate "2017.01.22"]
[EventCountry "WLS"]
[SourceDate "2016.10.09"]

1. e4 d5 2. exd5 Nf6 3. d4 Bg4 4. Nf3 Qxd5 5. Be2 Nc6 6. c4 Qh5 7. h3 O-O-O 8.
Be3 e6 9. Nc3 h6 10. O-O g5 11. Re1 Bxh3 12. gxh3 g4 13. Nh2 Qxh3 14. Bf1 Qh4
15. Bg2 Bd6 16. Nf1 Rhg8 17. Nb5 Bb4 18. Re2 a6 19. Bxc6 axb5 20. Bg2 g3 21.
fxg3 Rxg3 22. Nxg3 Qxg3 23. Bf2 Qg5 24. Re5 Qg6 25. Qf3 1-0

[Event "WCPL:Cardigan-White Knights:Tanygroes"]
[Site "?"]
[Date "2017.01.22"]
[Round "2.7"]
[White "Strugnell, Carl"]
[Black "Williams, A. Howard"]
[Result "1-0"]
[WhiteElo "2220"]
[BlackElo "2296"]
[Annotator "Rudy"]
[PlyCount "87"]
[EventDate "2017.01.22"]
[EventCountry "WLS"]
[SourceDate "2016.10.09"]

1. e4 Nf6 2. e5 Nd5 3. d4 d6 4. Nf3 c6 (4... Bg4 {main}) 5. Be2 dxe5 6. Nxe5
Bf5 (6... Nd7) 7. O-O {Wh is content to just keep a small space advantage
rather than to rush, one reason for the Alekhine's unfashionability at GM level
} e6 8. Nd2 $146 (8. c3) (8. c4) (8. g4 {Komodo10} Bg6 9. c4 Nf6 10. Nc3 Nbd7
11. f4 Nxe5 12. dxe5 Bc5+ 13. Kg2 Nd7 14. f5 $16 {Risting-Akdogan, European
Youth U16, 2016,1-0}) 8... Nd7 9. Ndc4 Be7 10. Nxd7 Qxd7 11. Ne5 Qd8 12. c4 Nf6
13. Qb3 Qb6 14. Qxb6 axb6 $11 15. g4 Be4 16. f3 Bg6 17. Be3 Nd7 18. Nd3 (18.
Nxg6 hxg6 19. Kg2 g5 $11) 18... Bxd3 19. Bxd3 h5 20. g5 g6 (20... c5 21. d5 Ne5
22. Be2 b5 23. b3 bxc4 24. bxc4 exd5 25. cxd5 Kd8 $11 {Komodo10; but the
position is easier to play for Wh, as Bl has fewer opportunities for activity
than Wh with the 2 Bs}) (20... O-O $5) 21. Be4 (21. Kg2) 21... O-O 22. a3 $14
Rfd8 23. Rad1 Kf8 (23... Ra4 {Bl needs to break up the Wh centre , to prevent
its eventual advance} 24. Bc2 (24. Rc1 e5 25. d5 Nc5 26. Rc3 Nxe4 27. fxe4 cxd5
28. exd5 b5 29. cxb5 Rg4+ 30. Kf2 Bxg5 31. Bxg5 Rxg5 32. Rd1 Rg4 $11 {Komodo10}
) (24. d5 cxd5 25. cxd5 Nc5 $11) 24... Rxc4 25. Bb3 b5 26. Bxc4 bxc4 27. Bf4 b5
$11 {Komodo10}) 24. f4 Ra4 25. Rc1 (25. Bd3 b5 26. cxb5 Nb6 27. Bc2 Raa8 28.
bxc6 bxc6 29. Rf3 Nd5 30. Bc1 Bd6 31. Kg2 $14 {Komodo10; but few humans would
give up a pawn just to get a N on d5}) 25... Bd6 (25... b5 26. cxb5 cxb5 27.
Bxb7 Nb6 28. Rc2 b4 29. Bc6 Ra6 30. axb4 Bxb4 31. Be4 Nd5 $11 {Komodo10; looks
like some Bl activity for the pawn. Enough? Wh's QB is bad & there is perhaps
an opposite colour B ending in prospect}) 26. Rc3 Ke7 (26... b5 {Komodo10}) 27.
Kg2 Raa8 (27... b5) 28. b4 (28. Re1 $16 {Komodo10}) 28... Rac8 29. Rd3 Bc7 {
the Bl pieces sit and wait} 30. Rfd1 $16 (30. Re1 $16) 30... Nf8 31. Kf3 (31.
d5 cxd5 32. cxd5 exd5 33. Bxd5 Ne6 34. Kf3 Rb8 35. Bc1 Rd7 36. Bb3 Rxd3+ 37.
Rxd3 $16 {Komodo10}) 31... Rb8 32. d5 exd5 33. cxd5 cxd5 34. Bxd5 (34. Rxd5
Rxd5 35. Rxd5 Ne6 36. h4 Rf8 37. f5 gxf5 38. Bxf5 $16 {Komodo10}) 34... Ne6 35.
Ke4 (35. h4 b5 36. Bc1 Rd7 37. Be4 Rxd3+ 38. Rxd3 b6 39. Bc6 $18 {Komodo10})
35... Ng7 36. Rc1 Rd7 (36... Ne8 37. Kf3 $16) 37. Rdc3 (37. Bxf7 $1 Rxd3 38.
Rxc7+ (38. Kxd3 Kxf7 39. Rxc7+ Kg8 40. Kc4 $18) 38... Kd6 39. Kxd3 Kxc7 40.
Bxg6 $18 {Komodo10}) 37... Bd8 (37... Re8 38. Bb3 Kf8+ 39. Kf3 Nf5 40. Ba4
Rxe3+ 41. Rxe3 b5 42. Rec3 Nd4+ 43. Ke4 Bb6 44. Bd1 Kg7 $11 {Komodo10; a
typical Engine variation; Bl has some Bl square activity, eg} 45. Rh3 Re7+ 46.
Kd3 Ne6 47. Rf3 Rd7+ 48. Kc3 Nxf4) 38. Bd4 Nf5 39. Be5 Ra8 (39... Nd6+ $5) 40.
Rd3 Nd6+ 41. Kf3 Nf5 42. Rcd1 Ke8 (42... Kf8 43. Be4 Rxa3 44. Rxa3 Rxd1 45. Ra8
Nd4+ 46. Ke3 Nc6 47. Bf6 Ke8 48. b5 Ne7 49. Bxb7 $18 {Komodo10}) 43. Bc6 (43.
Kf2 $1 $18 {Komodo10} b5 (43... Kf8 44. Be4 Rxd3 45. Rxd3 Rc8 46. Rd7 $18) 44.
Bc4 Rxd3 45. Bxb5+ Ke7 46. Rxd3) 43... bxc6 44. Rxd7 $18 1-0